Tennis Davis Cup Top 4 Positions - Statistics

General Stats
  • This quiz has been taken 341 times
  • The average score is 30 of 37
Answer Stats
Answer % Correct
United States
99%
Spain
98%
United Kingdom
98%
France
97%
Australasia
96%
Australia
96%
Russia
96%
Argentina
95%
Italy
95%
Serbia
95%
West Germany
95%
Sweden
93%
Switzerland
93%
Germany
92%
Brazil
91%
Canada
90%
Japan
90%
Czech Republic
89%
Belgium
88%
Croatia
86%
Netherlands
82%
Austria
79%
Czechoslovakia
79%
Mexico
78%
Chile
77%
Romania
74%
South Africa
74%
Denmark
73%
Slovakia
72%
India
69%
Soviet Union
69%
New Zealand
68%
Yugoslavia
66%
Belarus
44%
Israel
40%
Ecuador
33%
Philippines
13%
No matching quizzes found
Score Distribution
Percent of People with Each Score
Percentile by Number Answered
Your Score History
You have not taken this quiz